Homes for the Future (Record no. 108984)

MARC details
000 -LEADER
fixed length control field 02159cad a22002535a 4500
001 - CONTROL NUMBER
control field L145955
008 - FIXED-LENGTH DATA ELEMENTS--GENERAL INFORMATION
fixed length control field 081126s2008 xxkbdo f s 000 0 eng d
035 ## - SYSTEM CONTROL NUMBER
System control number (Sirsi) u145955
041 0# - LANGUAGE CODE
Language code of text/sound track or separate title eng
050 04 - LIBRARY OF CONGRESS CALL NUMBER
Classification number 363.58 $2 22
100 2# - MAIN ENTRY--PERSONAL NAME
Personal name Holmans, Alan
245 00 - TITLE STATEMENT
Title Homes for the Future
Remainder of title a new analysis of housing need and demand in England
Medium [electronic resource]
260 ## - PUBLICATION, DISTRIBUTION, ETC.
Place of publication, distribution, etc. London
Name of publisher, distributor, etc. Shelter
Date of publication, distribution, etc. 2008
505 2# - FORMATTED CONTENTS NOTE
Formatted contents note Key findings -- Introduction -- How many households to be housed? -- Future households by sector -- Newly arisising need and demand -- Intermediate housing -- Regional analysis -- The backlog of unmet housing need -- Implications for the Government's housing targets -- Appendix: 1 - Methodology -- Appendix 2: Further research
520 ## - SUMMARY, ETC.
Summary, etc. Reports on the Shelter's research on affordable housing needs in England. Aims to find out how many households could be formed by 2026 and their composition; the amount of houses necessary by then; the backlog of social houses needed; the impact of the unmet housing target on the Government and the need for public funding to reach it. As a reminder, the government had planned to deliver annually 45,000 social rented houses and 25,000 low-cost homes by 2011. Suggests that because of the current economic slowdown, the need for affordable homes is more important than expected. To meet this need, there is necessity to build much more social rented and intermediates homes than planned. Shows that the Government and over housing parties need to find other ways to finance affordable housing projects, including having more public funds, to meet the housing targets and help the construction industry.
521 ## - TARGET AUDIENCE NOTE
Target audience note Advanced
590 ## - LOCAL NOTE (RLIN)
Local note KA NTK
651 #4 - SUBJECT ADDED ENTRY--GEOGRAPHIC NAME
Geographic name England and Wales
Chronological subdivision 1543-
690 ## - LOCAL SUBJECT ADDED ENTRY--TOPICAL TERM (OCLC, RLIN)
Topical term or geographic name as entry element PROPERTY-RESIDENTIAL PROPERTY-DOMESTIC RESIDENTIAL PROPERTY-HOUSING
700 1# - ADDED ENTRY--PERSONAL NAME
Personal name Monk, Sarah
700 1# - ADDED ENTRY--PERSONAL NAME
Personal name Whitehead, Christine
856 40 - ELECTRONIC LOCATION AND ACCESS
Uniform Resource Identifier <a href="https://england.shelter.org.uk/professional_resources/policy_library/policy_library_folder/homes_for_the_future_-_a_new_analysis_of_housing_need_and_demand_in_england">https://england.shelter.org.uk/professional_resources/policy_library/policy_library_folder/homes_for_the_future_-_a_new_analysis_of_housing_need_and_demand_in_england</a>
Public note View the item free of charge at england.shelter.org.uk...
942 ## - ADDED ENTRY ELEMENTS (KOHA)
Suppress in OPAC 0
Holdings
Withdrawn status Lost status Source of classification or shelving scheme Damaged status Not for loan Home library Current library Shelving location Date acquired Total Checkouts Full call number Barcode Date last seen Copy number Price effective from Koha item type
    Dewey Decimal Classification     Virtual Virtual Online 26/11/2008   ONLINE PUBLICATION 145955-2001 06/08/2019 1 06/08/2019 Book